Statistics for US President who have visited France

Click here to take the quiz!

General Stats

  • This quiz has been taken 35 times
  • The average score is 12 of 12

Answer Stats

Times visitedYear(s) visitedPresident% Correct
41982, 1984, 1985Ronald Reagan
100%
31969, 1970, 1974Richard Nixon
100%
51989, 1990, 1991, 1993George H. W. Bush
100%
51994, 1995, 1996, 1997, 1999Bill Clinton
100%
42002, 2003, 2004, 2008George W. Bush
100%
62009, 2011, 2014, 2015Barack Obama
100%
12017Donald Trump
100%
41957, 1959, 1960Dwight D. Eisenhower
94%
11961John F. Kennedy
94%
21974, 1975Gerald Ford
94%
21978, 1979Jimmy Carter
94%
41918, 1919Woodrow Wilson
76%

Score Distribution

Percentile by Number Answered

Percent of People with Each Score

Your Score History

You have not taken this quiz